[Event "CRI-ch sf (Women)"]
[Site "San Jose"]
[Date "2018.11.17"]
[Round "1"]
[White "Mayorga Araya, Sofia"]
[Black "Shih Gould, Annie"]
[Result "0-1"]
[WhiteElo "1166"]
[BlackElo "1650"]
[PlyCount "78"]
[EventDate "2018.11.17"]
[EventType "swiss"]
[EventRounds "7"]
[EventCountry "CRI"]
[SourceTitle "CBM 187 Extra"]
[Source "ChessBase"]
[SourceDate "2018.11.04"]
[SourceVersion "1"]
[SourceVersionDate "2018.11.04"]
[SourceQuality "1"]

1. e4 c5 2. Nf3 d6 3. Bb5+ Bd7 4. Bxd7+ Qxd7 5. c4 Nc6 6. d4 cxd4 7. Nxd4 Nf6 8. Nc3 g6 9. 0-0 Bg7 10. f3 0-0 11. Be3 Rac8 12. Re1 Rfd8 13. Qe2 Nxe4 14. Nxc6 Nxc3 15. Qc2 Rxc6 16. bxc3 Rxc4 17. Bxa7 Bxc3 18. Qb3 Rdc8 19. Rac1 b5 20. Qa3 Bb4 21. Qe3 Rxc1 22. Rxc1 Rxc1+ 23. Qxc1 Qxa7+ 24. Kh1 Qxa2 25. h3 Bc5 26. Qe1 Qf2 27. Qb1 b4 28. Kh2 Bd4 29. Qc1 b3 30. Qb1 b2 31. Qd1 Be5+ 32. Kh1 Bg3 33. Qb1 Qe1+ 34. Qxe1 Bxe1 35. Kh2 b1Q 36. g3 Qc2+ 37. Kh1 Bxg3 38. Kg1 Qf2+ 39. Kh1 Qh2# 0-1